Nagul munnā saha tavat katā / (Record no. 80145)
[ view plain ]
| 000 -LEADER | |
|---|---|
| fixed length control field | 00693cam a22002411a 4500 |
| 001 - CONTROL NUMBER | |
| control field | sa 68004460 |
| 003 - CONTROL NUMBER IDENTIFIER | |
| control field | DLC |
| 005 - DATE AND TIME OF LATEST TRANSACTION | |
| control field | 20260227112501.0 |
| 008 - FIXED-LENGTH DATA ELEMENTS--GENERAL INFORMATION | |
| fixed length control field | 800826s1963 ce a 000 0 sin |
| 010 ## - LIBRARY OF CONGRESS CONTROL NUMBER | |
| LC control number | sa 68004460 |
| 035 ## - SYSTEM CONTROL NUMBER | |
| System control number | (OCoLC)31686069 |
| 040 ## - CATALOGING SOURCE | |
| Original cataloging agency | DLC |
| Transcribing agency | ICU |
| Modifying agency | DLC |
| 050 00 - LIBRARY OF CONGRESS CALL NUMBER | |
| Classification number | GR306 |
| Item number | .G85 |
| 100 1# - MAIN ENTRY--PERSONAL NAME | |
| Personal name | Guṇaratna, Ē. Pi. |
| 245 10 - TITLE STATEMENT | |
| Title | Nagul munnā saha tavat katā / |
| Statement of responsibility, etc. | Ē.Pī. Guṇaratna. |
| 260 ## - PUBLICATION, DISTRIBUTION, ETC. | |
| Place of publication, distribution, etc. | Koḷamḅa : |
| Name of publisher, distributor, etc. | Haṃsa Prakāśakayō, |
| Date of publication, distribution, etc. | [1963] |
| 300 ## - PHYSICAL DESCRIPTION | |
| Extent | 149 p. : |
| Other physical details | ill. ; |
| Dimensions | 18 cm. |
| 490 0# - SERIES STATEMENT | |
| Series statement | Apē janakatā ; |
| Volume/sequential designation | 2 |
| 500 ## - GENERAL NOTE | |
| General note | In Sinhalese. |
| 500 ## - GENERAL NOTE | |
| General note | Folk tales. |
| 650 #0 - SUBJECT ADDED ENTRY--TOPICAL TERM | |
| Topical term or geographic name entry element | Sinhalese (Sri Lankan people) |
| General subdivision | Folklore. |
| 650 #0 - SUBJECT ADDED ENTRY--TOPICAL TERM | |
| Topical term or geographic name entry element | Tales |
| Geographic subdivision | Sri Lanka. |
No items available.